| 000 | 00570nam a22001577a 4500 | ||
|---|---|---|---|
| 999 |
_c4517 _d235021 |
||
| 080 | _a343.37 V 738 | ||
| 100 |
_4aut _aViñas, Pablo Javier |
||
| 245 | _aCriminalidad Económica | ||
| 300 | _a95 P. | ||
| 500 | _aDirector de tesis: | ||
| 502 | _aTesis (Especialización)--Universidad de Castilla- La Mancha- Universidad Nacional de Mar del Plata. facultad de Derecho<. Departamento de Posgrado, 2011. | ||
| 504 | _aTiene Bibliografía P. 90- 95. | ||
| 650 |
_2IEDCYT _acriminologia _adelitos economicos _xdogmatica penal |
||
| 945 |
_acd _d2017-07-12 |
||